000 00863nam a22002177a 4500
005 2010082000590.0
010 _aENG-101080
020 _c60.00
035 _aEN-84613
037 _bDBAD/PUB
082 _a362.292095482
100 _aArulselvam, M.
_923445
245 _aThe Tamil Nadu prohibition act, 1937 with the Tamil Nadu liquor (retail vending) rules, 1989 :
_bas amended by 2001 rules /
_cby M. Arulselvam
260 _aChenaai
_bMalathi Publications
_c2001
270 _a#7 (Old No.4), chellammal Street henoy Nagar
_bChennai
_e600030
300 _a125p.
_c22cm (pbk)
650 _zIndia - Tamil Nadu
_923446
650 _aProhibition
_923447
942 _2ddc
_cEN
_h362.292095482
_mARU
999 _c42674
_d42674